000 00377nam a2200145Ia 4500
008 231129s1997||||xx |||||||||||||| ||spa||
020 _a84-226-6399-6
040 _bspa
082 _aU813 S555m
100 _aShields Carol
245 0 _aLa memoria de las piedras
260 _c1997
264 _aCirculo de Lectores
942 _2ddc
_cBKS
999 _c17603
_d17603